Algunas de las características deseables de las normas internacionales de información financiera (Registro nro. 11380)

Detalles MARC
000 -LEADER
fixed length control field 00368 a2200109 4500
001 - CONTROL NUMBER
control field ART_6341
005 - DATE AND TIME OF LATEST TRANSACTION
control field 20260410161619.0
008 - FIXED-LENGTH DATA ELEMENTS--GENERAL INFORMATION
fixed length control field 260409a
100 1# - MAIN ENTRY--PERSONAL NAME
Personal name Canetti, Miguel Marcelo
245 10 - TITLE STATEMENT
Title Algunas de las características deseables de las normas internacionales de información financiera
773 0# - HOST ITEM ENTRY
Title Enfoques
Related parts - Nº 12 (dic. 2008)
Record control number REV416

No hay ítems disponibles.